• World War, 1939-1945

di Topical Term

Records bibliografici associati: 1

001 - CONTROL NUMBER

  • control field: 35775

003 - CONTROL NUMBER IDENTIFIER

  • control field: IT-RoPau

005 - DATE AND TIME OF LATEST TRANSACTION

  • control field: 20150814114540.0

008 - FIXED-LENGTH DATA ELEMENTS

  • fixed length control field: 150814|| aca||aabn | a|a d

040 ## - CATALOGING SOURCE

  • Original cataloging agency: IT-RoPau
  • Transcribing agency: IT-RoPau

150 ## - HEADING--TOPICAL TERM

  • Topical term or geographic name entry element: World War, 1939-1945
  • General subdivision: Prisoners and prisons, German.

670 ## - SOURCE DATA FOUND

  • Source citation: Work cat.: (IT-RoPau)0: Dietrich, Alessandro, 1916-1985. 35772, Baracche :, 2007.
CREDITS: SOCIETA' SAN PAOLO Via A.Severo, 58 - ROMA (RM) & PERIODICI SAN PAOLO SRL Via Giotto, 36 MILANO & CISF Via Giotto, 36 MILANO & EDIZIONI SAN PAOLO SRL,  Piazza Soncino, 5 CINISELLO BALSAMO (MI) -- ITALY